Country by Monopoly Spaces Quiz Stats

 Plays Quiz Updated Jul 14, 2016

Challenge
Share
Tweet
Embed
Score 0/50 Timer 15:00
2 Plays Today
Property Names Country % Correct
Mediterranean Avenue, Tennessee Avenue, Illinois Avenue, Marvin Gardens, BoardwalkUnited States
96.8%
Badstraße, Wiener Straße, Opernplatz, Goethestraße, SchlossalleeGermany
90.2%
Boul. de Belleville, Boulevard Saint-Michel, Boulevard Malesherbes, Rue Lafayette, Rue de la PaixFrance
86.3%
Ronda de Valencia, Calle Velázquez, Calle Cea Bermúdez, Plaza de España, Paseo del PradoSpain
84.7%
Huhehaote, Chongqing, Xiamen, Shenzhen, ShanghaiChina
76.5%
Old Kent Road, Marlborough Street, Trafalgar Square, Piccadilly, MayfairUnited Kingdom
71.7%
Kitasenju, Kanda, Harajuku, Shibuya, GinzaJapan
66.5%
Crumlin, Dame Street, Henry Street, O'Connell St., Shrewsbury RoadIreland
63.3%
Vicolo Corto, Corso Raffaelo, Largo Colombo, Piazza Giulio Cesare, Parco della VittoriaItaly
61.3%
Todd Street, Victoria Square, Wickham Terrace, Bourke Street, Kings AvenueAustralia
57.8%
Water Street, Rue St-Denis, Bay Street, Albert Street, Robson StreetCanada
55.7%
Mytnaya Ulitsa, Varshavskoe Shosse, Ryazansky Prospekt, Mayakovskaya Ploshchad, ArbatRussia
50.8%
Palmerston Street, Rangitikei Street, Trafalgar Street, Cathedral Square, Queen StreetNew Zealand
49%
Calle Colón, Calle Ayuntamiento, Calzada de Tlalpan, Plaza de la República, Avenida InsurgentesMexico
47.9%
Västerlånggatan, Karlavägen, Kungsträdgårdsgatan, Stureplan, NorrmalmstorgSweden
44.7%
Phú-L, Ðường Gia Long, Ðại Lộ Công, Xa Lộ Biên Hoà, Cờ Ðô HữeVietnam
44%
Dorpstraat, Biltstraat, Heerestraat, Lange Poten, KalverstraatNetherlands
43.1%
Ushuaia, Puente del Inca, Valle de la Luna, Cataratas del Iguazú, ObeliscoArgentina
42.2%
Chumsaeng, Ko Pha Ngan, Sriracha, Chang Klan, SilomThailand
41.9%
Kornplatz, Via Nassa, Avenue de la Gare, Bundesplatz, SpitalgasseSwitzerland
40.2%
Finsensvej, Rosenørns allé, Torvegade, Fiolstræde, NytorvDenmark
40.1%
Leblon, Interlagos, Botafogo, Ipanema, BrooklinBrazil
37.9%
Korkeavuorenkatu, Snellmaninkatu, Simonkatu, Keskuskatu, ErottajaFinland
36.7%
Campo Grande, Avenida da República, Av.Marechal Gomes da Costa, Praça da Liberdade, RossioPortugal
36.1%
Yongin Nature Farm, Hanryusudo, Tongdo Temple, Baegam H.S., Mt. Nam TowerSouth Korea
34.2%
Property Names Country % Correct
Parkveien, Gabels gate, Bygdøy allé, Slemdal, RådhusplassenNorway
33.9%
Owerri, Calabar, Benin, Enugu, AbujaNigeria
31.7%
Op der Maartplaatz, Rue du Marché, Lëtzebuergerstrooss, Friddenplatz käl, Boulevard RoyalLuxembourg
30.3%
Avenida José Hilario López, Plaza Caicedo, Cartagena Colonial, Johnny Cay, Avenida ChileColombia
30.2%
Klimentská Ulice, Národní Trída, Nadrazí Holešovice, Námestí Republiky, Václavské NámestíCzechia
29.5%
Sowilam St., Makka St., Souk Jeddah, Alqaseem St., 30th St.Saudi Arabia
29.4%
Westville, Balito Baai, Wilderness, Knysna, CliftonSouth Africa
26.3%
Bárugata, Stórhöfði, Fossháls, Suðurlandsbraut, KringlanIceland
26.3%
Albano Avenue, Insular Avenue, Green Valley Road, Lapu-Lapu Avenue, Quezon AvenuePhilippines
25.1%
Gurney Drive, Jalan Wong Ah Fook, Subang Jaya, Bintang Precinct, CyberjayaMalaysia
24.6%
Ravi tänav, Harju tänav, Pärnu maantee, Rävala puiestee, Raekoja platsEstonia
24.4%
Hai Khahera, Ouaziria, Aalaija, Sahat Teherir, AlzahriaIraq
24%
Rahova, B-dul Brasov, B-dul Eroilor, Calea Dorobanti, PrimaveriiRomania
23.7%
Piac tér, Nagyerdő, Dóm tér, Gárdonyi út, DunakorzóHungary
22.8%
Corniche Nahr, Abou Bakr El Saddiq St., Souk El Tawile, Bab Idriss, Al Hamra St.Lebanon
21.6%
Kasimpaşa, Şişli, Caddebostan, Levent, YeniköyTurkey
20.9%
Sderot hatmarim, Sderot Weizmann, Rechov Bialik, Rechov Hamèlèch George, Rechov DizengoffIsrael
20%
Maskavas iela, Tallinas iela, Tērbatas iela, Čaka iela, Doma laukumsLatvia
19.3%
Kirtimų gatvė, J.Basanavičiaus gatvė, A. Goštauto gatvė, Ukmergės gatvė, Gedimino ProspektasLithuania
15.6%
Kibera, South 'B', Adam's Arcade, Kilimani, KarenKenya
15%
Geylang Road, Havelock Road, Collyer Quay, Tanglin Road, Queen Astrid ParkSingapore
14.8%
Muralla, Infanta, Prado, 10 de Octubre, SiboneyCuba
11.5%
Rotten Row, Salisbury Station, North Avenue, Lomagundi Road, First StreetZimbabwe
11.3%
Asuransi, Kehutanan, Pabrik Rotan, Pabrik Kertas, Pabrik MetalIndonesia
11%
L-Imsida, Ħaż-żebbuġ, In-Nadur, Ħal Balzan, L-ImdinaMalta
7.1%

You're not logged in!

Compare scores with friends on all Sporcle quizzes.
OR
Log In

You Might Also Like...

Show Comments

Extras

Top Quizzes Today


Score Distribution

Your Account Isn't Verified!

In order to create a playlist on Sporcle, you need to verify the email address you used during registration. Go to your Sporcle Settings to finish the process.

Report this User

Report this user for behavior that violates our Community Guidelines.

Details: